| Tag |
First Indicator |
Second Indicator |
Subfields |
| LEADER |
00000cam a2200000 4500 |
| 001 |
in00000031782 |
| 005 |
20151007063118.0 |
| 008 |
711222r1908 maua 00010 eng u |
| 010 |
|
|
|a 08033150
|
| 035 |
|
|
|a (OCoLC)00186404
|
| 035 |
|
|
|9 AAD6590AM
|
| 040 |
|
|
|c YNG
|d TXA
|d UtOrBLW
|
| 049 |
|
|
|a TXAM
|c [10526]
|
| 050 |
|
0 |
|a PS3505.R9
|b B8 1908
|
| 092 |
|
|
|a 814
|b C95b
|
| 100 |
1 |
|
|a Crothers, Samuel McChord,
|d 1857-1927.
|
| 245 |
1 |
0 |
|a By the Christmas fire /
|c by Samuel McChord Crothers.
|
| 264 |
|
1 |
|a Boston,
|a New York :
|b Houghton Mifflin,
|c 1908.
|
| 300 |
|
|
|a 5 pages ., 3-225 pages, 1 unnumbered page, 1 :
|b frontispiece, illustrations ;
|c 19 cm.
|
| 336 |
|
|
|a text
|b txt
|2 rdacontent
|
| 337 |
|
|
|a unmediated
|b n
|2 rdamedia
|
| 338 |
|
|
|a volume
|b nc
|2 rdacarrier
|
| 500 |
|
|
|a "'Christmas and the spirit of democracy' appeared originally in Everybody's magazine, the four other essays in the Atlantic monthly."
|
| 505 |
0 |
|
|a The bayonet-poker.--On being a doctrinaire.--Christmas and the literature of disillusion.--The ignominy of being grown-up.--Christmas and the spirit of democracy.
|
| 999 |
|
|
|a MARS
|
| 999 |
f |
f |
|s c0e1c98b-53da-3e3a-936f-c64c5b2720d5
|i a9a3d30e-596c-3da9-8fb6-4a137a27bc80
|t 0
|
| 952 |
f |
f |
|p ric
|a Texas A&M University
|b Rellis Campus
|c Joint Library Facility
|d Remote Storage
|t 0
|e PS3505.R9 B8 1908
|h Library of Congress classification
|i unmediated -- volume
|m A14801257738
|
| 998 |
f |
f |
|a PS3505.R9 B8 1908
|t 0
|l Remote Storage
|